Languages for system specification : (E-BOOK) (Record no. 213312)
[ view plain ]
| 000 -LEADER | |
|---|---|
| fixed length control field | 00910 a2200205 4500 |
| 003 - CONTROL NUMBER IDENTIFIER | |
| control field | Nust |
| 005 - DATE AND TIME OF LATEST TRANSACTION | |
| control field | 20170207165831.0 |
| 020 ## - INTERNATIONAL STANDARD BOOK NUMBER | |
| International Standard Book Number | 1-4020-7990-7 : |
| 035 ## - SYSTEM CONTROL NUMBER | |
| System control number | (Uk)1402079907 |
| 040 ## - CATALOGING SOURCE | |
| Transcribing agency | Nust |
| 082 04 - DEWEY DECIMAL CLASSIFICATION NUMBER | |
| Classification number | 621.392 |
| 245 10 - TITLE STATEMENT | |
| Title | Languages for system specification : (E-BOOK) |
| Remainder of title | selected contributions on UML, SystemC, System Verilog, Mixed-Signal Systems, and Property Specifications from FDL '03 / |
| Statement of responsibility, etc. | edited by Christoph Grimm. |
| 260 ## - PUBLICATION, DISTRIBUTION, ETC. | |
| Place of publication, distribution, etc. | Boston, Mass. ; |
| -- | London : |
| Name of publisher, distributor, etc. | Kluwer Academic, |
| Date of publication, distribution, etc. | 2004. |
| 300 ## - PHYSICAL DESCRIPTION | |
| Extent | 367 p. |
| 440 #0 - SERIES STATEMENT/ADDED ENTRY--TITLE | |
| Title | CHDL series |
| 505 ## - FORMATTED CONTENTS NOTE | |
| Formatted contents note | Part I UML-Based System Specification & Design (Page-5) Part II C-Based System Design (Page-91) Part III Analog and Mixed-Signal Systems (Page-169) Part IV Languages for Formal Methods (Page-247) Part V Applications and new languages (Page-333) |
| 650 #0 - SUBJECT ADDED ENTRY--TOPICAL TERM | |
| Topical term or geographic name entry element | Computer hardware description languages |
| 651 ## - SUBJECT ADDED ENTRY--GEOGRAPHIC NAME | |
| Geographic name | E-Book |
| 700 1# - ADDED ENTRY--PERSONAL NAME | |
| Personal name | Grimm, Christoph. |
| 942 ## - ADDED ENTRY ELEMENTS (KOHA) | |
| Source of classification or shelving scheme | |
| Koha item type | Book |
| Withdrawn status | Lost status | Source of classification or shelving scheme | Damaged status | Not for loan | Collection code | Permanent Location | Current Location | Date acquired | Total Checkouts | Full call number | Barcode | Date last seen | Price effective from | Koha item type |
|---|---|---|---|---|---|---|---|---|---|---|---|---|---|---|
| Military College of Signals (MCS) | Military College of Signals (MCS) | 12/12/2016 | 621.392 GRI | MCSEB-3303 | 12/08/2016 | 12/12/2016 | Book |
